|
|
|
|
| LEADER |
00000cas a2200000 a 4500 |
| 001 |
vtls001354694 |
| 003 |
SK-MaSNL |
| 005 |
20260228155712.0 |
| 008 |
180126d19781982xo u 0 0 0slo |
| 035 |
|
|
|a SNK000308139
|
| 040 |
|
|
|a SNK
|b slo
|c SNK
|e AACR2
|
| 041 |
0 |
|
|a slo
|
| 044 |
|
|
|a xo
|c SK
|
| 072 |
|
7 |
|a 37
|x Výchova a vzdelávanie
|2 konspekt
|
| 080 |
|
|
|a 37.011
|2 2011
|
| 080 |
|
|
|a (051)
|2 2011
|
| 080 |
|
|
|a 050
|2 2011
|
| 245 |
0 |
0 |
|a Spravodaj
|
| 260 |
|
|
|a Banská Štiavnica
|b Kultúrne a spoločenské stredisko
|c 1978-1982
|
| 300 |
|
|
|a zv.
|c cm
|
| 362 |
0 |
|
|a 1978-1982
|
| 650 |
0 |
7 |
|a osveta
|2 SNKPH
|9 16992
|
| 655 |
|
7 |
|a časopisy
|2 SNKPH
|9 76610
|
| 910 |
|
|
|a snk
|
| 999 |
|
|
|c 267
|d 267
|
| 952 |
|
|
|0 0
|1 0
|4 0
|7 0
|8 1
|a SNK
|b SNK
|d 1999-02-08
|i snkD 287/99
|l 0
|o snkČSD 2124/1978
|p 17A0177956
|r 2005-01-02 00:00:00
|t č. 1
|w 2026-02-21
|y PREZ
|
| 952 |
|
|
|0 0
|1 0
|4 0
|7 0
|8 1
|a SNK
|b SNK
|d 1999-02-08
|i snkD 288/99
|l 0
|o snkČSD 2124/1982
|p 17A0177957
|r 2005-01-02 00:00:00
|t č. 9
|w 2026-02-21
|y PREZ
|
| 952 |
|
|
|0 0
|1 0
|4 0
|7 0
|8 1
|a SNK
|b SNK
|d 1999-02-09
|i snkD 342/99
|l 0
|o snkČSD 2124/1982 D1
|p 17A0177961
|r 2005-01-02 00:00:00
|t č. 9
|w 2026-02-21
|y PREZ
|